000 01278nam a22003737a 4500
003 CHAP
005 20220329141507.0
008 971013s1981 r 00010 d
010 _a69014
011 _a69986
035 _a79465
040 _cCHAP
082 _a634.3
_bC3 1981
100 0 0 _aCarrero, José María.
_919420
245 _aVirosis y enfermedades afines de los cítricos
250 _a2 ed.
260 _aMadrid :
_bMinisterio de Agricultura, Pesca y Alimentación,
_c1981
300 _a406 p.
_b: ilus.
490 _aManuales técnicos. Serie G.
_v;45
500 _a32-165
590 _aBATCH-UPD
_b10
_c20130110
_lUCH01
_h0118
590 _aBATCH-UPD
_b10
_c20130110
_lUCH01
_h0832
590 _aBATCH-UPD
_b10
_c20130409
_lUCH01
_h2112
590 _aBATCH-UPD
_b10
_c20130410
_lUCH01
_h0510
590 _aBATCH-UPD
_b10
_c20130914
_lUCH01
_h0852
590 _aCONVERSION
_b10
_c20130109
_lUCH01
_h1338
650 1 4 _aCítricos
_xEnfermedades.
_924423
650 1 4 _aCítricos
_xPlagas.
_924458
710 0 _aEspaña. Ministerio de Agricultura, Pesca y Alimentación.
_937712
830 0 _aManuales técnicos. Serie G.
_v;45
_970709
901 _aBK
942 _cLIBRO
949 _a634.3 C3 1981
_bBC
_cLIBRO
_d33724000204343
_eLIBRO
_gI.146851
_h75801
_i79465
_si
_t920.00
999 _c69014
_d69014